Giáo trình lý thuyết và bài tập Pascal : Toàn tập [Đĩa CD-ROM] /

Đã lưu trong:
書目詳細資料
主要作者: Nguyễn Đình Tê
格式: CD
語言:Vietnamese
出版: H. : Lao động - Xã hội, 2006.
標簽: 添加標簽
沒有標簽, 成為第一個標記此記錄!
Thư viện lưu trữ: Thư viện Trường Đại học Đà Lạt
LEADER 00695nam a2200265 4500
001 DLU070060803
005 ##20070912
040 # # |a DLU  |b vie 
041 # # |a vie 
044 # # |a vn 
082 # # |a 005.133  |b NG-T 
100 # # |a Nguyễn Đình Tê 
245 # # |a Giáo trình lý thuyết và bài tập Pascal :  |b Toàn tập [Đĩa CD-ROM] /  |c Nguyễn Đình Tê, Hoàng Đức Hải 
256 # # |a 4 3/4 in. 
260 # # |a H. :  |b Lao động - Xã hội,  |c 2006. 
300 # # |a 1 đĩa CD-ROM 4 3/4 in. 
992 # # |a 0 
994 # # |a DLU 
900 # # |a True 
911 # # |a Nguyễn Xuân Phương 
925 # # |a CD 
926 # # |a A 
927 # # |a CD 
980 # # |a Thư viện Trường Đại học Đà Lạt